01076cam a2200241 a 450000100100000000500170001000800410002702000150006804000340008308200160011710000280013324501770016126000710033830000350040949000470044450400540049150400210054565000530056665000640061965100650068370000390074883000470078700000665620200929153951.0940919s1992 sp ab b 001 0 spa c a8478201289 aDO-SdBNPbspacCUdDLCdBNPHU a936.bL881m1 aLostal Pros, Joaquín.14aLos miliarios de la provincia tarraconense :bconventos tarraconense, cesaraugustano, cluniense y cartaginense /cJoaquín Lostal Pros; prólogo, Miguel Beltrán Lloris. aZaragoza, España :bInstitución Fernando el Católico,c1992. a456 p. :bil., mapas ;c31 cm.1 aInstitución Fernando el Católicov1314 aIncluye referencias bibliográficas (p. 279-296) aIncluye índice 4aMiliarioszTarragona(Provincia Española{Rpara} 4aInscripciones, latinzEspañazTarragona (Provincia{Rpara} 4aTarragona (España : Provincia{Rpara}xAntigüedades, Roma1 aBeltrán Lloris, Miguel,epról. 0aInstitución Fernando el Católicov1314